GÜNDÜZ SEFASI (Record no. 793603)

MARC details
000 -LEADER
sabit uzunluktaki kontrol alanı 00235nam a2200097Ia 4500
001 - KONTROL NUMARASI
kontrol alanı 793603
005 - EN SON İŞLEMİN TARİH VE ZAMANI
kontrol alanı 20250826170652.0
008 - SABİT-UZUNLUKTA VERİ ÖĞELERİ--GENEL BİLGİ
sabit uzunluktaki kontrol alanı 250824s9999 xx 000 0 und d
245 #0 - ESER / YAZAR
ESER ADI GÜNDÜZ SEFASI
Yazar Adı SARAH JIO
260 ## - YAYIN, DAĞITIM, VB.
YAYIN EVİ ARKADYA YAYINLARI
Holdings
Düşüm durumu Kayıp durumu Hasar Durumu Ödünç verilmez Ana kütüphane Geçerli Kütüphane Edinilen tarih Toplam ödünç verme sayısı Barkod Son görüntüleme tarihi Fiyatın geçerli olmaya başladığı tarih Koha materyal türü
        İSMAİL KAYA ANADOLU İMAM HATİP LİSESİ İSMAİL KAYA ANADOLU İMAM HATİP LİSESİ 24.08.2025   10503061 26.08.2025 26.08.2025 Books